000 00810nam a22002177a 4500
999 _c11572
_d11572
003 AR-CdUCM
008 190404b ||||| |||| 00| 0 spad
040 _aMUNICIPALIDAD PROVINCIAL DEL CUSCO
_cBIBLIOTECA MUNICIPAL DEL CUSCO
041 _heng
082 _a947 /
_bS79 / 1945
100 _aStevens, Edmund
_929002
245 _aRusia no es un enigma /
260 _aBuenos Aires :
_bUrquiza,
_c1945.
300 _a352 páginas ;
_c23 cm.
505 _aContenido: A Moscú con Churchill -- El viaje de regreso -- Un ruso en Argel -- Americanos y polacos en Persia -- La entrada por la puerta lateral de Rusia -- La vida en Moscú ...
650 _aHistoria
_9136
650 _aUnión Soviética
_9496
700 _aTeruggi, Mario E. (traductor)
_929003
942 _2ddc
_cLIBROS
945 _aacv
_d04/04/2019